Recopilación de reglamentos adicionada con numerosos índices. Se incluyen además, todos los decretos supremos que sin ser reglamentos tienen interés general y permanente

Spremljeno u:
Bibliografski detalji
Autor kompanije: Contraloría General de la República (Autor)
Format: Knjiga
Jezik:španjolski
Izdano: Santiago Contraloría General de la República 1951
Teme:
Oznake: Dodaj oznaku
Bez oznaka, Budi prvi tko označuje ovaj zapis!

MARC

LEADER 00000nam a2200000 a 4500
001 UCR0730
003 CL-VaPUC
008 971205e19510000CL |||||||||||||||||spa|d
082 0 4 |a 348.025  |b CON  |2 21 
110 2 |a Contraloría General de la República  |e author  |9 396938 
245 1 0 |a Recopilación de reglamentos adicionada con numerosos índices. Se incluyen además, todos los decretos supremos que sin ser reglamentos tienen interés general y permanente 
300 |a t 
942 |c BK 
945 |d 19971205 00:00:00  |a lriquelm 
260 |a Santiago  |b Contraloría General de la República  |c 1951 
500 |a Comprende el período que media entre el mes de septiembre de 1950 y agosto de 1951 
500 |a Donación profesor Fernando Recio Olguín 
650 7 |a LEGISLACION  |2 CL-VaPUC  |9 396939 
650 7 |a FUENTES  |2 CL-VaPUC  |9 255666 
650 7 |a DERECHO CHILENO  |2 CL-VaPUC  |9 396940 
650 7 |a DECRETOS SUPREMOS  |2 CL-VaPUC  |9 396008 
650 7 |a MINISTERIOS  |2 CL-VaPUC  |9 351934 
650 7 |a DECRETOS ORGANICOS  |2 CL-VaPUC  |9 396941 
650 7 |a TEXTOS REFUNDIDO  |2 CL-VaPUC  |9 396942 
651 7 |a CHILE  |2 CL-VaPUC  |9 396943 
583 |a last modification  |c 20140410 10:24:11  |k Rodrigo Vera 
999 |c 264229  |d 264227 
952 |0 0  |1 0  |4 0  |6 348_025000000000000_CON_1951  |7 0  |8 F  |9 294222  |a BIBDER  |b BIBDER  |d 2019-11-19  |h t.5  |i 1912844  |o 348.025 CON 1951  |p 1912844  |r 2023-01-25  |w 2019-11-19  |y BK_F  |k DER 
952 |0 0  |1 0  |4 0  |6 348_025000000000000_CON_1951  |7 0  |8 X  |9 294223  |a BIBHIS  |b BIBHIS  |d 2019-11-19  |h t.5  |i 212792K  |o 348.025 CON 1951  |p 212792K  |r 2024-01-30  |w 2019-11-19  |y BK_X  |k HIS